000 00307nam a22001337a 4500
008 260428b ||||| |||| 00| 0 eng d
020 _a9789951022392
041 _aShqip
080 _a821.1
100 _a20
101 _aPoezi
245 _aThërras gjërat e harruara
_cJeton Kelmendi
942 _2udc
_cBK
999 _c61010
_d61010